Online Catalogue and eLibrary

The inheritance of loss (Record no. 5382)

MARC details
000 -LEADER
fixed length control field 00549nam a2200157Ia 4500
005 - DATE AND TIME OF LATEST TRANSACTION
control field 20241118232131.0
008 - FIXED-LENGTH DATA ELEMENTS--GENERAL INFORMATION
fixed length control field 240331s9999 xx 000 0 und d
020 ## - INTERNATIONAL STANDARD BOOK NUMBER
ISBN 9780802165053
082 ## - DDC Classification
Item Number - Author Mark DES
Class No. 813
100 ## - MAIN ENTRY--PERSONAL NAME
Personal name Desai,K
245 #4 - TITLE STATEMENT
Title The inheritance of loss
260 ## - PUBLICATION, DISTRIBUTION, ETC.
Place of publication, distribution, etc. New York
Name of publisher, distributor, etc. Grove Press
Date of publication, distribution, etc. 2006
300 ## - PHYSICAL DESCRIPTION
Extent (e.g. Volumes, Pages etc.) 357 p .,
500 ## - GENERAL NOTE
General note A Book about tradition and modernity, the past and the future- and about the surprising ways both amusing and sorrowful, in which they all connect..... A wide variety of readers should enjoy.
942 ## - Koha item type (Biblio)
Koha item type Books in Stacks (Lending)
Holdings
Lost status Damaged status Collection code Home library Current library Shelving location Date acquired Full call number Accession Number Item type
    Lending WERC Library WERC Library Social Science Cupboard 03/31/2024 813.54 DES 6608 Books in Stacks (Lending)

© WERC Library